000 00528nam a2200217Ia 4500
999 _c93410
_d93410
003 0100
005 20190718145614.0
008 130307s9999 xx 000 0 und d
020 _a0520035003
040 _cARRUPELIB
050 _aHM57.W342 1968
100 _aWeber, Max
_947169
245 _aEconomy and society
245 _ban outline of interpretive sociology
260 _aNew York
_bBedminster Press
_c1968
300 _a3 v.
300 _b25 cm.
650 _aSociology
_947309
_xSociety
_xeconomics
700 _aRoth, Gunther ; Wittich, Claus (eds)
_947310
942 _2lcc
_cMONOGRAPH